[Event "RHODE ISLAND  IX"]
[Site "http://www.queenalice.com/game.php?id=684768"]
[Date "2009.11.17"]
[Round "-"]
[White "perucona"]
[Black "nobukichi"]
[Result "0-1"]
[WhiteElo "1586"]
[BlackElo "1560"]

1. e4 e5 2. d4 exd4 3. Qxd4 Nc6 4. Qd5 Nf6 5. Qd3 d6 6. Qe2 Be7 7. Nf3 O-O 8. e5
Nd5 9. Nc3 Nxc3 10. bxc3 dxe5 11. Bg5 Bxg5 12. Nxg5 Qxg5 13. g3 Bf5 14. Rd1 Rad8
15. Rb1 Qg6 16. Rxb7 Rd7 17. Qe3 Bxc2 18. Bh3 Rd1+ 19. Ke2 Rxh1 20. Bg2 Rd1 21.
Bxc6 Qxc6 22. Rxa7 Rfd8 23. f3 Qc4+ 24. Kf2 R8d2+ 25. Qe2 Qxe2# 0-1

[Event ":(("]
[Site "http://www.queenalice.com/game.php?id=684833"]
[Date "2009.11.17"]
[Round "-"]
[White "Mr_SPOCK"]
[Black "nobukichi"]
[Result "0-1"]
[WhiteElo "1496"]
[BlackElo "1538"]

1. e4 e5 2. Qh5 Nf6 3. Qxe5+ Be7 4. Bc4 d6 5. Bxf7+ Kxf7 6. Qd4 Nc6 7. Qc4+ Be6
8. Qe2 Rf8 9. Nf3 Bg4 10. Ng5+ Kg8 11. Qc4+ Kh8 12. O-O Ne5 13. Qb3 b6 14. d4
Nc6 15. e5 Nxd4 16. Qc3 dxe5 17. Nd2 Ne2+ 18. Kh1 Nxc3 19. bxc3 Nd5 20. Nge4 Nf6
21. Ng5 h6 22. Nge4 Bf5 23. Rd1 Nxe4 24. Bb2 Nxf2+ 25. Kg1 Nxd1 26. Rxd1 Bxc2
27. Rf1 Qxd2 28. h3 Bc5+ 29. Kh2 Rxf1 30. c4 Qf4+ 0-1

[Event ":((("]
[Site "http://www.queenalice.com/game.php?id=685831"]
[Date "2009.11.19"]
[Round "-"]
[White "nobukichi"]
[Black "Mr_SPOCK"]
[Result "1-0"]
[WhiteElo "1585"]
[BlackElo "1565"]

1. e4 e5 2. Nf3 Nf6 3. Nxe5 Nxe4 4. Qe2 d5 5. d3 Bb4+ 6. c3 O-O 7. dxe4 dxe4 8.
cxb4 Nc6 9. Nxc6 bxc6 10. Qc4 Bb7 11. Be2 a5 12. O-O Qf6 13. Nc3 Ba6 14. b5 cxb5
15. Nxb5 Qe5 16. Be3 Qxb2 17. Qxe4 Qxe2 18. Nxc7 Bd3 19. Qh4 Rac8 20. Bh6 Rxc7
21. Qg3 f5 22. Rfe1 Qc2 23. Rac1 f4 24. Qg4 Bf5 25. Rxc2 Bxg4 26. Rxc7 gxh6 27.
Ra7 f3 28. Rxa5 fxg2 29. Kxg2 Bf3+ 30. Kg3 Kg7 31. Re3 Bh1 32. Rc5 Kg6 33. a4 h5
34. h4 h6 35. Ra3 Be4 36. a5 Ra8 37. Re5 Kf6 38. Rxe4 Kf5 39. Rb4 Rg8+ 40. Kh3
Rg1 41. Kh2 Rg4 42. Rxg4 hxg4 43. a6 Kf4 44. a7 g3+ 45. fxg3+ Kg4 46. a8=Q Kh5
47. Kh3 Kg6 48. g4 h5 49. Ra6+ Kf7 50. Qb7+ Ke8 51. Ra8# 1-0

[Event "WEST VIRGINIA XI"]
[Site "http://www.queenalice.com/game.php?id=687721"]
[Date "2009.11.24"]
[Round "-"]
[White "perucona"]
[Black "nobukichi"]
[Result "0-1"]
[WhiteElo "1539"]
[BlackElo "1581"]

1. e4 e5 2. d4 exd4 3. Qxd4 Nc6 4. Qd5 Nf6 5. Qd3 Bd6 6. Nc3 O-O 7. Bg5 Ne5 8.
Qe2 c6 9. Bxf6 Qxf6 10. Nf3 Bb4 11. Nxe5 Bxc3+ 12. bxc3 Qxe5 13. O-O-O Qxc3 14.
Rd3 Qa1+ 15. Kd2 Qxa2 16. g3 Qa5+ 17. c3 Qa2+ 18. Ke3 Qxe2+ 19. Bxe2 Rd8 20. Bg4
b5 21. Rd4 c5 22. Rd5 d6 23. Bxc8 Raxc8 24. Ra1 Ra8 25. Rb1 a6 26. Ra1 a5 27.
Rdd1 b4 28. Rdc1 b3 29. Rab1 a4 30. Rb2 c4 31. Ra1 a3 32. Re2 b2 33. Rb1 Rdb8
34. Rd1 b1=Q 35. Rxb1 Rxb1 36. Ra2 Rb2 37. Rxa3 Rxa3 38. Kd4 Rxf2 39. h3 Rf3 40.
Kxc4 Raxc3+ 41. Kd4 Rxg3 42. h4 Rcf3 43. e5 Rf4+ 44. Kd5 dxe5 45. Kxe5 Rxh4 46.
Kf5 h6 47. Ke5 Rg5+ 48. Kd6 Ra4 49. Ke7 Rb5 50. Kd6 Ra6+ 51. Kd7 Rb7+ 52. Kc8
Raa7 53. Kd8 Ra8# 0-1

[Event "Challenge"]
[Site "http://www.queenalice.com/game.php?id=688623"]
[Date "2009.11.25"]
[Round "-"]
[White "flanny"]
[Black "nobukichi"]
[Result "1-0"]
[WhiteElo "1534"]
[BlackElo "1606"]

1. e4 e5 2. g3 Nf6 3. Nf3 Nxe4 4. Nxe5 Qe7 5. d4 d6 6. f3 Nxg3 7. hxg3 dxe5 8.
d5 c6 9. Nc3 Qd6 10. Bg2 Be7 11. O-O O-O 12. f4 exf4 13. Rxf4 Na6 14. Ne4 Qxd5
15. Nf6+ Bxf6 16. Bxd5 1-0

[Event "Challenge"]
[Site "http://www.queenalice.com/game.php?id=689296"]
[Date "2009.11.26"]
[Round "-"]
[White "neofito"]
[Black "nobukichi"]
[Result "0-1"]
[WhiteElo "1706"]
[BlackElo "1626"]

1. e4 e5 2. Nf3 Nc6 3. d4 exd4 4. Nxd4 Nf6 5. Nc3 Bc5 6. Be3 Qe7 7. f3 O-O 8.
Bc4 Ne5 9. O-O Nxc4 10. Qd3 Nxe3 11. Qxe3 Qe5 12. Rad1 Bxd4 13. Rxd4 b6 0-1

[Event "Challenge"]
[Site "http://www.queenalice.com/game.php?id=703948"]
[Date "2009.12.26"]
[Round "-"]
[White "sunking"]
[Black "nobukichi"]
[Result "0-1"]
[WhiteElo "1702"]
[BlackElo "1651"]

1. d4 Nf6 2. d5 d6 3. c4 c6 4. dxc6 Nxc6 5. Nf3 e5 6. Bg5 Be7 7. e3 O-O 8. Bd3
e4 9. Nh4 exd3 10. Qxd3 Ne5 11. Qd4 Nc6 12. Nc3 Nxd4 13. exd4 Qd7 14. O-O Qg4
15. Nf3 h6 16. Bh4 Be6 17. h3 Qf5 18. b3 d5 19. cxd5 Bxd5 20. Nxd5 Qxd5 21. Rae1
Bd6 22. Bg3 Bxg3 23. fxg3 Ne4 24. h4 Nxg3 25. Rf2 Rfe8 26. Rxe8+ Rxe8 27. Kh2
Qd6 28. Kh3 Re2 29. Rxe2 Nxe2 30. Ne5 f6 31. g4 fxe5 32. dxe5 Qxe5 33. h5 Qg3#
0-1

[Event "Challenge"]
[Site "http://www.queenalice.com/game.php?id=703962"]
[Date "2009.12.26"]
[Round "-"]
[White "Andrei_78"]
[Black "nobukichi"]
[Result "0-1"]
[WhiteElo "1686"]
[BlackElo "1756"]

1. e4 e5 2. Nf3 Nc6 3. Bb5 d6 4. O-O Nf6 5. Bxc6+ bxc6 6. h3 Nxe4 7. d3 Nf6 8.
Re1 Be7 9. Bg5 Nd7 10. Bxe7 Qxe7 11. Nc3 O-O 12. Ne2 c5 13. c4 Bb7 14. Qb3 Rab8
15. Qc3 Bxf3 16. gxf3 Qg5+ 17. Ng3 f5 18. b3 f4 19. Kg2 fxg3 20. fxg3 Nf6 21. h4
Qg6 22. Qd2 Nh5 23. Qg5 Qxg5 24. hxg5 Rf7 25. Re4 Rbf8 26. Rf1 g6 27. a4 Ng7 28.
g4 Ne6 29. a5 Nxg5 30. Re3 Ne6 31. a6 Rb8 32. Rb1 Nd4 33. Kg3 Rxb3 34. Rxb3 Nxb3
35. d4 Nxd4 36. Kg2 Nc6 37. Rb3 Nb4 38. Ra3 Rf4 39. Kg3 Rxc4 40. Rb3 Rc2 41. Re3
Ra2 42. Kh4 h6 43. g5 hxg5+ 44. Kxg5 Kg7 45. f4 exf4 46. Re7+ Kf8 47. Rxc7 Rxa6
48. Kxf4 Nd5+ 49. Kg5 Nxc7 50. Kxg6 Ra1 51. Kf5 Re1 52. Kf4 Nd5+ 53. Kf3 Ke7 54.
Kf2 Re3 55. Kf1 Kf6 56. Kf2 Kf5 57. Kf1 Kf4 58. Kf2 Nc3 59. Kg2 Kg4 60. Kf2 Re2+
61. Kf1 Kf3 62. Kg1 Rd2 63. Kh1 Kg3 0-1

[Event "Challenge"]
[Site "http://www.queenalice.com/game.php?id=704578"]
[Date "2009.12.28"]
[Round "-"]
[White "ensito"]
[Black "nobukichi"]
[Result "1-0"]
[WhiteElo "1695"]
[BlackElo "1666"]

1. e4 e5 2. Qf3 Nc6 3. c3 d6 4. Bc4 Nf6 5. d3 Be7 6. Bg5 Bg4 7. Qe3 O-O 8. h3
Be6 9. Bxe6 fxe6 10. Bxf6 Rxf6 11. Nf3 Rg6 12. g3 Rf6 13. Nbd2 Rf7 14. h4 Bf6
15. h5 d5 16. h6 g6 17. O-O-O d4 18. Qe2 Qd6 19. Nc4 Qc5 20. cxd4 exd4 21. Rd2
b5 22. Rc2 bxc4 23. Rxc4 Qb6 24. a3 Ne5 25. Nxe5 Bxe5 26. f4 Bd6 27. b4 e5 28.
f5 gxf5 29. exf5 Kf8 30. g4 Rb8 31. g5 a5 32. g6 hxg6 33. fxg6 Re7 34. g7+ Kg8
35. h7+ Kxg7 36. Qg4+ Kh8 37. Rg1 Rxh7 38. Qe6 axb4 39. Qf6+ 1-0

[Event "Challenge"]
[Site "http://www.queenalice.com/game.php?id=704931"]
[Date "2009.12.28"]
[Round "-"]
[White "nobukichi"]
[Black "Vladimir"]
[Result "1-0"]
[WhiteElo "1647"]
[BlackElo "1713"]

1. e4 e5 2. Nf3 Nc6 3. c3 Nf6 4. d4 exd4 5. e5 Ng4 6. cxd4 Bb4+ 7. Bd2 Bxd2+ 8.
Nbxd2 d5 9. Nb3 O-O 10. Be2 Re8 11. Nfd2 Qh4 12. g3 Qh3 13. Bf1 Qh6 14. Bg2 f6
15. Bf3 fxe5 16. Bxg4 Bxg4 17. Qxg4 exd4+ 18. Kf1 d3 19. Kg2 Qf6 20. Rhe1 Re5
21. Qf3 Rf8 22. Qxf6 Rxf6 23. Rxe5 Nxe5 24. Re1 Re6 25. f4 b6 26. fxe5 c5 27.
Nf3 a5 28. Re3 a4 29. Nc1 c4 30. Nd4 Re8 31. Nf3 b5 32. b3 axb3 33. axb3 Ra8 34.
Nd4 Ra1 35. Nxd3 cxd3 36. Rxd3 b4 37. Nf3 Ra2+ 38. Kh3 Ra3 39. Rxd5 Rxb3 40. Nd4
Rd3 41. Kg4 b3 42. Kf4 b2 43. Rb5 Rxd4+ 44. Ke3 Rg4 45. Rxb2 Kf7 46. Kf3 Ra4 47.
Re2 Ke6 48. h4 h5 49. Re4 Rxe4 50. Kxe4 g6 51. Kf4 Kf7 52. g4 hxg4 53. Kxg4 Ke6
54. Kg5 Kf7 55. Kh6 Ke6 56. Kxg6 Kxe5 57. h5 Ke4 58. h6 Kd3 59. h7 Kc4 60. h8=Q
Kd5 61. Qe8 Kd4 62. Kf5 Kd3 63. Qa4 Kc3 64. Ke4 Kd2 65. Qb3 Kc1 66. Qa2 Kd1 67.
Ke3 Kc1 68. Kd3 Kd1 69. Qb1# 1-0

[Event "Challenge"]
[Site "http://www.queenalice.com/game.php?id=705065"]
[Date "2009.12.29"]
[Round "-"]
[White "spawnwolfwolverine"]
[Black "nobukichi"]
[Result "0-1"]
[WhiteElo "1734"]
[BlackElo "1688"]

1. c4 Nf6 2. d3 d6 3. e4 e5 4. g3 Nc6 5. Bg5 Be7 6. Bg2 O-O 7. Nf3 h6 8. Bxf6
Bxf6 9. O-O Bg4 10. Nbd2 Nd4 11. a3 Bg5 12. b4 Bxd2 13. Qxd2 Bxf3 14. Bxf3 Nxf3+
15. Kg2 Nxd2 16. Rfd1 Nb3 17. Ra2 Nd4 18. a4 f5 19. f3 fxe4 20. fxe4 Qf6 21. c5
Qf3+ 22. Kh3 Qxd1 23. cxd6 cxd6 24. b5 Qxd3 25. a5 Qxe4 26. b6 axb6 27. axb6
Rxa2 28. g4 Rf3+ 29. Kh4 Rxh2# 0-1

[Event "Challenge"]
[Site "http://www.queenalice.com/game.php?id=705066"]
[Date "2009.12.29"]
[Round "-"]
[White "nobukichi"]
[Black "spawnwolfwolverine"]
[Result "1-0"]
[WhiteElo "1669"]
[BlackElo "1736"]

1. e4 e5 2. Nf3 d6 3. d4 exd4 4. Nxd4 Bd7 5. Bc4 Nc6 6. Nc3 Nf6 7. O-O Nxd4 8.
Qxd4 Be7 9. Bf4 O-O 10. Nd5 Nxd5 11. Bxd5 c6 12. Bb3 Bf6 13. e5 Bxe5 14. Bxe5
dxe5 15. Qxe5 Qf6 16. Qxf6 gxf6 17. Rfe1 Rfe8 18. h3 Be6 19. Bxe6 fxe6 20. Rad1
e5 21. Rd7 Rab8 22. Re3 h5 23. Rg3+ Kf8 24. Rgg7 e4 25. Rdf7# 1-0

[Event "Challenge"]
[Site "http://www.queenalice.com/game.php?id=708397"]
[Date "2010.1.4"]
[Round "-"]
[White "nobukichi"]
[Black "francky78"]
[Result "1-0"]
[WhiteElo "1706"]
[BlackElo "1723"]

1. e4 c5 2. d4 cxd4 3. c3 dxc3 4. Nxc3 d6 5. Nf3 a6 6. Bc4 Nc6 7. O-O e6 8. Qe2
Be7 9. Rd1 Bf6 10. Bf4 Bxc3 11. bxc3 Qa5 12. Bxd6 Nf6 13. e5 Nd7 14. Nd4 Nxd4
15. cxd4 b5 16. Qe4 Ra7 17. Bb3 Bb7 18. Qh4 Qd8 19. Qg3 g6 20. a4 Bc6 21. d5
bxa4 22. dxc6 axb3 23. cxd7+ Rxd7 24. Qxb3 h5 25. Qa4 f5 26. Qxa6 Kf7 27. Rab1
Qa8 28. Qb5 Rhd8 29. Ra1 Qb7 30. Qxb7 Rxb7 31. Kf1 Rdd7 32. Ra8 Ra7 33. Rxa7
Rxa7 34. Rc1 Rd7 35. Rc7 Ke8 36. Rxd7 Kxd7 37. f4 Kc6 38. Kf2 Kd7 39. Kg3 Ke8
40. Kh4 Kf7 41. h3 1-0

[Event "Challenge"]
[Site "http://www.queenalice.com/game.php?id=709458"]
[Date "2010.1.6"]
[Round "-"]
[White "nobukichi"]
[Black "ensito"]
[Result "1-0"]
[WhiteElo "1736"]
[BlackElo "1717"]

1. e4 e5 2. Nf3 Bd6 3. c3 Nf6 4. Qe2 b6 5. d4 Qe7 6. Bg5 Ba6 7. Qe3 exd4 8. cxd4
Qxe4 9. Bxf6 Qxe3+ 10. fxe3 gxf6 11. Nbd2 Bxf1 12. Rxf1 Bb4 13. O-O-O Bxd2+ 14.
Nxd2 Rg8 15. Rf2 Rg6 16. Rdf1 Ke7 17. Ne4 Nc6 18. Nxf6 Nb4 19. Kb1 Nd3 20. Nd5+
Kd6 21. Nf4 Nxf2 22. Nxg6 Ng4 23. Rxf7 Ke6 24. Rxh7 Kf6 25. Ne5 Nxe3 26. Rxd7
Nxg2 27. Rxc7 Ne3 28. Rc3 Nd5 29. Rf3+ Ke6 30. h4 Rg8 31. Rh3 Nb4 32. Rh1 Kd5
33. h5 Kxd4 34. Nf3+ Ke3 35. Nh4 Rh8 36. Rh3+ Kd2 37. Ng6 Rh6 38. Rh2+ Ke1 39.
a3 Nd5 40. Kc2 Ne3+ 41. Kd3 Nf5 42. Ne5 Ng7 43. Ke3 Kd1 44. Rd2+ Ke1 45. Rd7
Rxh5 46. Nf3+ Kf1 47. Rxg7 Rh1 48. Rxa7 Kg2 49. Rg7+ Kf1 50. Rg1+ Rxg1 51. Nxg1
Kxg1 52. a4 1-0

[Event "Challenge"]
[Site "http://www.queenalice.com/game.php?id=709929"]
[Date "2010.1.7"]
[Round "-"]
[White "talisman77"]
[Black "nobukichi"]
[Result "0-1"]
[WhiteElo "1768"]
[BlackElo "1751"]

1. d4 Nf6 2. c4 g6 3. Nc3 Bg7 4. Nf3 O-O 5. e4 d6 6. Bf4 Nh5 7. Be3 f5 8. e5
dxe5 9. dxe5 Nc6 10. Qd5+ Qxd5 11. cxd5 Nxe5 12. Be2 Nd7 13. Rd1 Nhf6 14. Bc4 b6
15. Nb5 Bb7 16. d6+ Kh8 17. dxc7 Rac8 18. Be6 Bc6 19. Ng5 Bxb5 20. Nf7+ Rxf7 21.
Bxf7 Rxc7 22. f3 Rc2 23. Rd2 Rc1+ 24. Rd1 Rxd1+ 25. Kxd1 Ne5 26. b3 Nxf7 27. Kc2
Nd5 28. Bd2 Bd4 29. Rd1 Ne3+ 30. Bxe3 Bxe3 31. Re1 Bc5 32. Rd1 Ne5 33. Rd8+ Kg7
34. a4 Bf1 35. Rd2 Bb4 36. Rd4 a5 37. f4 Ng4 38. Rd7 Bxg2 39. Rxe7+ Bxe7 0-1

[Event "Challenge"]
[Site "http://www.queenalice.com/game.php?id=711520"]
[Date "2010.1.10"]
[Round "-"]
[White "Andre1962"]
[Black "nobukichi"]
[Result "1-0"]
[WhiteElo "1787"]
[BlackElo "1768"]

1. e4 e5 2. Nf3 Nc6 3. Bc4 Nf6 4. Ng5 d5 5. exd5 Nd4 6. c3 b5 7. Bf1 Nxd5 8. Ne4
Ne6 9. Bxb5+ Bd7 10. Bc4 Ndf4 11. O-O Bc6 12. d3 Bxe4 13. Qa4+ Qd7 14. Bb5 c6
15. Ba6 Bxg2 16. Re1 Nc5 17. Qxf4 Bd6 18. d4 Ne6 19. Qg3 Bd5 20. c4 e4 21. Qg2
Nc7 22. cxd5 cxd5 23. Bb7 Rb8 24. Qxg7 Ke7 25. Bg5+ 1-0

[Event "POLAND"]
[Site "http://www.queenalice.com/game.php?id=711975"]
[Date "2010.1.11"]
[Round "-"]
[White "arkadiusz42"]
[Black "nobukichi"]
[Result "0-1"]
[WhiteElo "1637"]
[BlackElo "1723"]

1. e4 e5 2. Qh5 Nf6 3. Qxe5+ Be7 4. Qg5 O-O 5. Nc3 Nxe4 6. Qe3 Nf6 7. d3 Bb4 8.
Bd2 Bxc3 9. Bxc3 Re8 10. O-O-O Rxe3 11. fxe3 d6 12. Nf3 Bg4 13. Rg1 Nd5 14. e4
Nxc3 15. bxc3 Nc6 16. d4 d5 17. Be2 dxe4 18. d5 Ne7 19. Nd4 Bxe2 20. Rde1 Bc4
21. g4 Bxa2 22. Rxe4 Nxd5 23. Rge1 Qg5+ 24. Kb2 h5 25. Nf3 Qh6 26. gxh5 Qxh5 27.
Ne5 Nf6 28. Rd4 Re8 29. Rde4 Nxe4 30. Nd7 Qb5+ 31. Kxa2 Nxc3+ 32. Ka3 Rxe1 0-1

[Event "Challenge"]
[Site "http://www.queenalice.com/game.php?id=712101"]
[Date "2010.1.11"]
[Round "-"]
[White "nobukichi"]
[Black "otto"]
[Result "0-1"]
[WhiteElo "1723"]
[BlackElo "2094"]

1. e4 e6 2. d3 d5 3. Nd2 c5 4. Ngf3 Nc6 5. g3 Nf6 6. Bg2 Be7 7. O-O O-O 8. b3 b6
9. Bb2 Bb7 10. Re1 d4 11. e5 Nd5 12. Ne4 Qc7 13. c4 dxc3 14. Nxc3 Rad8 15. Nb5
Qd7 16. d4 Nxe5 17. Nxe5 Qxb5 18. Qd3 Qxd3 19. Nxd3 cxd4 20. Bxd4 Rc8 21. Nf4
Rfd8 22. Bb2 Nxf4 23. Bxb7 Rc7 24. Be4 Rd2 25. Be5 Nh3+ 26. Kg2 Nxf2 27. Bxc7
Nxe4+ 28. Kg1 Bc5+ 29. Kf1 Rf2+ 30. Kg1 Rc2+ 31. Kf1 Nd2+ 32. Ke2 Nxb3+ 33. Kd3
Nxa1 34. Rxa1 Rxh2 35. a4 Rh5 36. a5 b5 37. a6 Rd5+ 38. Ke4 b4 39. Rc1 f5+ 40.
Kf3 b3 41. Rb1 Rd2 42. Rxb3 Rf2# 0-1

[Event "Challenge"]
[Site "http://www.queenalice.com/game.php?id=712955"]
[Date "2010.1.13"]
[Round "-"]
[White "Ytalos"]
[Black "nobukichi"]
[Result "0-1"]
[WhiteElo "1779"]
[BlackElo "1737"]

1. e4 e5 2. d4 exd4 3. c3 dxc3 4. Bc4 cxb2 5. Bxb2 Nc6 6. Nc3 Bb4 7. Ne2 Qe7 8.
O-O Ne5 9. Qc2 Nxc4 10. Nd5 Qc5 11. Bd4 Qd6 12. Qxc4 c6 13. Nxb4 Ne7 14. Rad1
Qg6 15. Qd3 O-O 16. Nf4 Qg4 17. Qe3 f5 18. Nfd3 Qxe4 19. Nc2 Nd5 20. Qg3 Nf6 21.
Rfe1 Qg4 22. Qe3 d5 23. Ne5 Qh5 24. Qg3 Ne4 25. Qf4 g5 26. Qe3 g4 27. Ba1 f4 28.
Qd4 g3 29. Nf3 gxf2+ 30. Kf1 fxe1=Q+ 31. Rxe1 Nf6 32. Re8 Qxe8 33. Qxf4 Ne4 0-1

[Event "Challenge"]
[Site "http://www.queenalice.com/game.php?id=713070"]
[Date "2010.1.13"]
[Round "-"]
[White "nobukichi"]
[Black "somulo"]
[Result "0-1"]
[WhiteElo "1751"]
[BlackElo "1849"]

1. e4 c5 2. d4 cxd4 3. c3 dxc3 4. Nxc3 d6 5. Nf3 Nf6 6. Bc4 g6 7. O-O Bg7 8. Qe2
O-O 9. Rd1 Qc7 10. Bf4 Be6 11. Bxe6 fxe6 12. Rac1 Nc6 13. Nb5 Qa5 14. a3 Nd7 15.
Bd2 Qd8 16. Bc3 Nce5 17. Ng5 Nc5 18. Bb4 Bh6 19. Rxc5 Qb6 20. Rxe5 dxe5 21. Bxe7
Bxg5 22. Bxg5 Rf7 23. Be3 Qa5 24. Nd6 Rd7 25. Nc4 Rxd1+ 26. Qxd1 Rd8 27. Qe2 Qa4
28. f3 Rc8 29. Nxe5 Rc2 30. Qd1 Rxg2+ 31. Kxg2 Qxd1 32. b4 Qe2+ 33. Bf2 Qb2 34.
Nc4 Qa2 35. Nd6 b6 36. Nb5 a6 37. Nc7 Qxa3 38. Nxe6 Qxb4 39. Nc7 Qa3 40. Bxb6
Qb2+ 41. Bf2 a5 42. Kg3 Qe5+ 43. f4 Qxc7 44. e5 a4 45. Be1 a3 0-1

[Event "Challenge"]
[Site "http://www.queenalice.com/game.php?id=714084"]
[Date "2010.1.15"]
[Round "-"]
[White "talisman77"]
[Black "nobukichi"]
[Result "1-0"]
[WhiteElo "1741"]
[BlackElo "1755"]

1. d4 Nf6 2. c4 g6 3. Nc3 Bg7 4. Nf3 O-O 5. e4 d6 6. d5 e5 7. Bg5 h6 8. Bh4 Bg4
9. Be2 Qd7 10. h3 Bxf3 11. Bxf3 g5 12. Bg3 Nh7 13. Bg4 Qe7 14. h4 Nd7 15. Qf3
Ndf6 16. Qf5 Nxg4 17. Qxg4 Nf6 18. Qf5 g4 19. f3 h5 20. fxg4 Nxg4 21. Qxh5 Ne3
22. Qe2 Bh6 23. Bf2 Nxg2+ 24. Kf1 Nf4 25. Qg4+ Kh7 26. Qf5+ Kh8 27. Nd1 Rg8 28.
Ne3 Nd3 29. Qh5 Rg6 30. Nf5 Qf8 31. Be3 Nf4 32. Bxf4 exf4 33. Kf2 Kh7 34. Rag1
Qg8 35. Rh2 Re8 36. Rhg2 Re5 37. Rxg6 Rxf5 38. Qxh6# 1-0

[Event "Challenge"]
[Site "http://www.queenalice.com/game.php?id=717454"]
[Date "2010.1.21"]
[Round "-"]
[White "Vladimir"]
[Black "nobukichi"]
[Result "1-0"]
[WhiteElo "1748"]
[BlackElo "1753"]

1. d4 Nf6 2. c4 g6 3. Bg5 Bg7 4. Nc3 d6 5. e4 Nc6 6. d5 Nb8 7. h3 h6 8. Bh4 g5
9. Bg3 O-O 10. Nf3 Qe8 11. e5 Nfd7 12. Qd3 Nxe5 13. Nxe5 dxe5 14. Qe4 f5 15. Qc2
f4 16. Bh2 e6 17. O-O-O exd5 18. cxd5 Bf5 19. Ne4 Qf7 20. Bc4 Nd7 21. g4 Bg6 22.
d6 Qxc4 23. Qxc4+ Bf7 24. Qb5 Be6 25. Qxb7 cxd6 26. Rxd6 Bxa2 27. Rxd7 Bf7 28.
Nd6 Rab8 29. Qc7 Bd5 30. Rxg7+ Kh8 31. Rh7+ Kg8 32. Qg7# 1-0

[Event "Challenge"]
[Site "http://www.queenalice.com/game.php?id=721682"]
[Date "2010.1.28"]
[Round "-"]
[White "nobukichi"]
[Black "archangel"]
[Result "1-0"]
[WhiteElo "1738"]
[BlackElo "1778"]

1. e4 d5 2. exd5 Qxd5 3. Nc3 Qa5 4. d3 e6 5. Bd2 Bb4 6. Nge2 Nc6 7. a3 Bd6 8. g3
Nf6 9. Bg2 Bd7 10. Ne4 Qe5 11. Bc3 Qf5 12. Nxf6+ gxf6 13. O-O Qg6 14. Qd2 e5 15.
f4 O-O-O 16. Qe3 exf4 17. Nxf4 Bxf4 18. Qxf4 Rhg8 19. Bxf6 Rde8 20. Qf2 b6 21.
Bc3 f5 22. Bxc6 Bxc6 23. Qxf5+ Bd7 24. Qxg6 Rxg6 25. Rae1 Reg8 26. Re7 h5 27.
Rff7 Be6 28. Rxc7+ Kb8 29. Rfe7 Bd5 30. Be5 Ka8 31. Rxa7# 1-0

[Event "Challenge"]
[Site "http://www.queenalice.com/game.php?id=721684"]
[Date "2010.1.28"]
[Round "-"]
[White "archangel"]
[Black "nobukichi"]
[Result "1-0"]
[WhiteElo "1760"]
[BlackElo "1769"]

1. d4 Nf6 2. c4 g6 3. Nc3 Bg7 4. Bf4 O-O 5. e4 d6 6. Bd3 Nh5 7. Nge2 Nxf4 8.
Nxf4 e5 9. dxe5 Bxe5 10. Nfd5 c6 11. Nb4 Bxc3+ 12. bxc3 a5 13. Qa4 Bd7 14. Qa3
Be6 15. Rb1 Nd7 16. Nc2 Nc5 17. Rd1 Qd7 18. O-O f5 19. Rfe1 f4 20. e5 f3 21.
exd6 Nxd3 22. Rxd3 fxg2 23. Ne3 Rf3 24. Kxg2 Qf7 25. Qb2 Rf8 26. Rd2 Qf4 27.
Ree2 Qg5+ 28. Kh1 Bh3 29. Qc1 Rd8 30. Qg1 Qc5 31. Qd1 Bd7 32. Re1 Rf6 33. Rg1
Re8 34. Qe2 Rxd6 35. Qd1 Rxd2 36. Qxd2 Be6 37. Qd3 Qf8 38. Qf1 Qf7 39. Rg3 Rf8
40. f3 c5 41. h4 Bd7 42. h5 Bc6 43. Kg2 Qf4 44. Qf2 Kg7 45. hxg6 hxg6 46. Qe2
Re8 47. Qd3 Re6 48. Kf2 Kf7 49. Nd5 Qe5 50. Ne3 Rd6 51. Qc2 Rf6 52. Ng4 Qf5 53.
Nh6+ 1-0

[Event "Challenge"]
[Site "http://www.queenalice.com/game.php?id=722986"]
[Date "2010.1.30"]
[Round "-"]
[White "solo"]
[Black "nobukichi"]
[Result "0-1"]
[WhiteElo "1781"]
[BlackElo "1753"]

1. e4 e5 2. Qh5 Nf6 3. Qxe5+ Be7 4. d3 Nc6 5. Qg5 O-O 6. Qd2 d5 7. exd5 Qxd5 8.
f3 Re8 9. Ne2 Bc5 10. Qd1 Bf5 11. Nc3 Qd4 12. Nb5 Qf2+ 13. Kd2 Be3+ 14. Kc3 Nd5+
15. Kb3 Be6 16. Ka4 a6 17. Bxe3 Qxe3 18. Nbc3 Nb6+ 19. Ka3 Qc5+ 20. b4 Qxb4# 0-1